Deutsche Weltmeister - Statistiken

Allgemein
  • Dieses Quiz wurde 236 mal gespielt
    86 seit der letzten Aktualisierung
  • Das Durchschnittsergebnis liegt bei 8 aus 21
Answers on the Grid
Answers color-coded by a green-red scale on the quiz's grid according to % correct below.
Joshua Kimmich
Manuel Neuer
Rudi Völler
Uli Hoeneß
Michael Ballack
Jürgen Kohler
Matthias Sammer
Jürgen Klinsmann
Mehmet Scholl
Christian Günter
Ilkay Gündogan
Wolfgang Overath
Manfred Kaltz
Christian Ziege
Oliver Neuville
Thomas Müller
Gerd Müller
Andreas Möller
Miroslav Klose
Mesut Özil
Arne Friedrich
Torsten Frings
Oliver Bierhoff
Jerome Boateng
Uwe Seeler
Stefan Reuter
Horst-Dieter Höttges
Andreas Brehme
Fritz Walter
Thomas Hitzlsperger
Olaf Thon
Rainer Bonhof
Marcell Jansen
Felix Magath
Günter Netzer
Oliver Kahn
Karl-Heinz Riedle
Holger Badstuber
Thomas Linke
Mario Basler
 
Antwortstatistiken
Antwort % Korrekt
Manuel Neuer
98%
Rudi Völler
70%
Thomas Müller
56%
Mesut Özil
53%
Miroslav Klose
53%
Uli Hoeneß
53%
Jerome Boateng
47%
Gerd Müller
46%
Jürgen Klinsmann
46%
Jürgen Kohler
40%
Andreas Brehme
32%
Fritz Walter
28%
Günter Netzer
25%
Rainer Bonhof
19%
Wolfgang Overath
19%
Stefan Reuter
18%
Olaf Thon
16%
Andreas Möller
12%
Karl-Heinz Riedle
12%
Horst-Dieter Höttges
11%
Uwe Seeler
5%
Keine übereinstimmenden Quizze gefunden
Verteilung der Resultate
Anzahl Personen mit jedem Resultat
Perzentil nach korrekt beantworteten Fragen
Ihre Resultats-Entwicklung
Sie haben dieses Quiz seit der letzten Aktualisierung nicht gespielt